02400nam a2200433 a 4500001001200000003000800012006001900020007001500039008004100054010001700095015001900112016001800131020003100149020002800180040002100208035002100229043001200250050002600262082002200288100003000310245015200340246003200492260006100524300001700585490004000602504005100642505059500693533015201288650005801440650006801498650005501566650004101621650004201662651005601704655002901760710001701789830003401806856012601840ebr10236775CaPaEBRm u cr cn|||||||||060920s2007 dcu sb 001 0 eng d z 2006031174 aGBA7289832bnb7 z0137160782Uk z9781589011533 (alk. paper) z1589011538 (alk. paper) aCaPaEBRcCaPaEBR a(OCoLC)646755616 an-us---14aTD195.A75bD87 2007eb04a363.72/8709732221 aDurant, Robert F.,d1949-14aThe greening of the U.S. militaryh[electronic resource] :benvironmental policy, national security, and organizational change /cRobert F. Durant.3 aGreening of the US military aWashington, D.C. :bGeorgetown University Press,cc2007. axvii, 298 p.1 aPublic management and change series aIncludes bibliographical references and index.0 aA world apart? -- Greening, national security, and the postmodern military -- About-face at the Pentagon? -- Base cleanups, sovereign impunity, and the expansion of the beaten zone -- Guns, dogs, fences, and base transfers -- Missiles, mayhem, and the munitions rule -- Natural resources management, military training, and the greening of the drone zone -- Safety, security, and chemical weapons demilitarization -- Pollution prevention, energy conservation, and the perils of ch�ateaux generalship -- Avoiding the harder right in the post-Clinton era? -- Lessons for practice and theory. aElectronic reproduction.bPalo Alto, Calif. :cebrary,d2013.nAvailable via World Wide Web.nAccess may be limited to ebrary affiliated libraries. 0aMilitary basesxEnvironmental aspectszUnited States. 0aEnvironmental responsibilityxGovernment policyzUnited States. 0aMilitary privileges and immunitieszUnited States. 0aEnvironmental policyzUnited States. 0aOrganizational changezUnited States. 0aUnited StatesxArmed ForcesxEnvironmental aspects. 7aElectronic books.2local2 aebrary, Inc. 0aPublic management and change.40uhttp://site.ebrary.com/lib/rucke/Doc?id=10236775zAn electronic book accessible through the World Wide Web; click to view